Clubs de football par silhouette #3 - Difficile - Statistiques

Statistiques générales
  • Ce quiz a été pris 256 fois
  • Le résultat moyen est 8 sur 20
Statistiques - réponses
Par images Réponse % Correct
1. FC Union Berlin
86%
Birmingham City
74%
RSC Anderlecht
74%
Angers SCO
68%
Maroc
56%
Rayo Vallecano
55%
Elche
45%
Ghana
44%
Hambourg SV
41%
São Paulo FC
35%
Udinese Calcio
35%
US Sassuolo
33%
Mexique
30%
Rosenborg BK
26%
KKS Lech Poznan
22%
Malmö FF
20%
Allemagne
15%
Steaua Bucarest
13%
RC Lens
4%
Colombus Crew
3%
Aucun quiz correspondant
Distribution des résultats
% des personnes avec chaque résultat
Percentile par nombre de réponses
Votre historique - résultats
Vous n’avez pas pris ce quiz